Krisis global ilmu pengetahuan dan penyembuhannya (al-Furqan)

Bibliographic Details
Main Author: Nataatmadja, Hidajat (Author)
Format: Book
Published: Bandung : Iqra , 1982
Subjects:

MARC

LEADER 00000cam a2200000 7i4500
001 0000005483
005 20040419093000.0
008 021118s1982
090 0 0 |a BD175   |b .N37 
100 0 |a Nataatmadja, Hidajat ,   |e author 
245 0 0 |a Krisis global ilmu pengetahuan dan penyembuhannya (al-Furqan)   |c Hidajat Nataatmadja 
260 2 |a Bandung :   |b Iqra ,   |c 1982 
300 |a vi, 286 p. ;   |c 21 cm. 
650 0 |a Knowledge, Sociology of 
745 0 0 |a Pengembangan karsa (ihya ulumiddin) 
999 |a 1000000390   |b Book   |c OPEN SHELF (30 DAYS)   |e Gong Badak Campus 
999 |a 1000000391   |b Book   |c OPEN SHELF (30 DAYS)   |e Gong Badak Campus 
999 |a 1000000392   |b Book   |c OPEN SHELF (30 DAYS)   |e Gong Badak Campus 
999 |a 1000069916   |b Book   |c OPEN SHELF (30 DAYS)   |e Gong Badak Campus